| 000 | 00953nam a2200277 a 4500 | ||
|---|---|---|---|
| 001 | 000021816 | ||
| 003 | DO-SdBNP | ||
| 005 | 20180214112159.0 | ||
| 007 | 000021816 | ||
| 008 | 100913s1985 dr 000 0 spa d | ||
| 040 |
_aBPMET _bspa _cBPMET |
||
| 092 |
_a923.9 _bT85h |
||
| 100 | 1 | _aTroncoso, Jesús María | |
| 245 | 1 | 3 |
_aEl hallazgo de los restos de Colón : _brelato de un testigo presencial / _cJesús María Troncoso. |
| 260 |
_aSanto Domingo : _bSociedad Dominicana de Bibliófilos, _c1985. |
||
| 300 |
_a19 p. ; _c20 cm. |
||
| 500 | _aIncluye notas al pie de páginas | ||
| 500 | _aEdición fascimilar : Ciudad Trujillo : 1941. | ||
| 600 |
_aCOLÓN CRISTOBAL _y1451?-1506 |
||
| 930 | 1 |
_lBND01 _mLF1 _820110411 _f04 _pHD _g21252 |
|
| 942 |
_2ddc _cBK |
||
| 945 | _aInventariado, 2018/ YL | ||
| 956 |
_aSARMENTERO _b10 _c20100913 _lBND01 _h1230 |
||
| 956 |
_aDGARCIA _b10 _c20110221 _lBND01 _h1041 |
||
| 956 |
_aVMATEO _b10 _c20150512 _lBMET02 _h00151 |
||
| 999 |
_c7864 _d7864 |
||